Amancio Williams

Gorde:
Xehetasun bibliografikoak
Egile nagusia: González Capdevila, Raúl (Egilea)
Formatua: Liburua
Hizkuntza:gaztelania
Argitaratua: Buenos Aires Universidad de Buenos Aires 1955
Saila:Arquitectos Americanos Contemporáneos, 1
Gaiak:
Etiketak: Etiketa erantsi
Etiketarik gabe, Izan zaitez lehena erregistro honi etiketa jartzen!

MARC

LEADER 00000nam a2200000 a 4500
001 UCT2597
003 CL-VaPUC
008 961011e19550000AG |||||||||||||||||spa|d
082 0 4 |a 720.92  |b GON  |2 21 
100 0 |a González Capdevila, Raúl  |e author  |9 371608 
245 1 0 |a Amancio Williams 
300 |a 37 p 
942 |c BK 
945 |d 19961011 00:00:00  |a rleighto 
260 |a Buenos Aires  |b Universidad de Buenos Aires  |c 1955 
600 0 7 |a WILLIAMS, AMANCIO  |2 CL-VaPUC  |9 266207 
650 0 |a Arquitectura  |9 804558 
650 0 |a Arquitectos   |9 268647 
650 0 |a Arquitectura argentina   |9 371610 
650 0 |a Arquitectura moderna  |9 265021 
650 0 |a Arquitectura urbana   |9 331978 
583 |a last modification  |c 19961011 00:00:00  |k Rodrigo Vera 
490 0 |a Arquitectos Americanos Contemporáneos, 1 
999 |c 252649  |d 252647 
952 |0 0  |1 0  |4 0  |6 720_920000000000000_GON_1955  |7 0  |8 P  |9 272618  |a BIBARQ  |b BIBARQ  |d 2019-11-19  |i 3236358  |o 720.92 GON 1955  |p 3236358  |r 2025-01-20  |w 2019-11-19  |y BK  |k ARQ